03051agaaa2200361 45000010005000000030009000050050017000140070009000310080040000400400023000800410014001031000054001171300044001712400039002152450244002542460032004982500022005302600103005523000034006555080214006895110009009035201130009125380016020425460014020586500070020727000060021427000074022027000075022767000066023519420012024179990019024299520241024480455IT-RoPAU20220918181224.0d cvaizq50131s9999||||xx ||| | || ||und|| aIT-RoPAUcIT-RoPAU aITALIANO  aKantor FrantzgCodice regista SPICS: 60178937289 aCREAZIONE (LA) - L'ARCA DI NOE' 937290 aANIMATED KID'S BIBLE (THE) gT3874 aCREAZIONE (LA) - L'ARCA DI NOE' cProdotto da: Broadbrige Tom -- Sceneggiatura: Capamagian Brian Broadbrige Nigel T. Cronin C.J. Hunnam M. -- Diretto da: Kantor FrantzpCREAZIONE (LA) - L'ARCA DI NOE' (Rif. Codice opera principale : K0455) aANIMATED KID'S BIBLE (THE)  aEdizione Standard a(USA)bN.d. / Distribuzione: MULTIMEDIA SAN PAOLOg"2005 (1° ed.: 2010 ; Ed. Lingua Orig.: 2005)" aDVDbsonoro, col.c105 minuti a"Montaggio: Ford G. Jennings P. ; Musica: Ball Marty; Sceneggiatura: Capamagian Brian Broadbrige Nigel T. Cronin C.J. Hunnam M. ; Scenografia: Kantor Frantz ; Soggetto: Broadbrige Nigel T. -- Capamagian Brian" a"; " aDIO HA CREATO IL MONDO IN 6 GIORNI, IL CIELO, LA TERRA ED OGNI ESSERE VIVENTE, INCLUSO ADAMO CHE VIVEVA BEATO NEL GIARDINO DELL'EDEN. DIO DECISE DI DARE UNA COMPAGNA AD ADAMO E DA UNA SUA COSTOLA GENERO' EVA. MISE IN GUARDIA I DUE DI NON MANGIARE FRUTTI DELL'ALBERO DELLA CONOSCENZA, UNICA PROIBIZIONE IMPOSTAGLI. UN MALVAGIO SERPENTE SPINGE EVA A RACCOGLIERE IL FRUTTO PROIBITO E A MANGIARLO CON ADAMO. L'IRA DI DIO SI SCATENA E BANDISCE I DUE DAL GIARDINO DEL'EDEN CONDANNANDOLI A UNA VITA MORTALE FATTA DI DOLORE E LAVORO. NEL NUOVO MONDO MORTALE EVA GENERA CAINO E ABELE CHE CRESCONO IN ARMONIA FINO A QUANDO DIVENUTI ADULTI CAINO UCCIDE ABELE. MALEDETTO DA DIO, ERRERA' VAGABONDO PER LA TERRA. A QUESTO PUNTO L'UMANITA' E DIVENUTA CORROTTA E DIO DECIDE DI CANCELLARE I MALI DELLA TERRA CON DILUVIO UNIVERSALE. INCARICA NOE' E LA SUA FAMIGLIA DI COSTRUIRE UN'IMMENSA ARCA DOVE OSPITARE UNA COPPIA DI OGNI SPECIE ANIMALE ESISTENTE. NOE' OBBEDISCE. QUANDO IL DILUVIO TERMINA, DIO CREA IL PRIMO ARCOBALENO, SEGNO DI UN NUOVO INIZIO. PRIMO DVD DELLA SERIE LE AVVENTURE DELLA BIBBIA DA ADAMO A GESU'. LA BIBBIA ANIMATA IN 3D.  aPAL, STEREO aITALIANO  aANIMAZIONE 3D eDVD-FILM [DVD]xCodice MATERIA SPICS: 9947937291 aBall Martye(musica)gCodice Musica SPICS: 60181937292 aBroadbrige Nigel T. e(soggetto)gCodice Soggetto SPICS: 60179937293 aCapamagian Brian e(soggetto)gCodice Soggetto 2° SPICS: 60180937294 aKantor Frantz e(regista)gCodice regista SPICS: 60178937295 cDV2ddc c104720d104720 0010406K_0455_00000000000000071aSPICSbSPICSd2015-01-31l0oK0455r2015-01-31 00:00:00w2015-01-31yDVzProgr. Ins.: 3935 / N.Vol.:1 / Copie: 1 / Pag.:0 / Copia rara: n.d. / date import: 1.2.2015 / By Epidotti, Trombetti, Vaglietti